000 00422nam a22001817a 4500
003 MPLRDC
005 20220104124755.0
008 210129b ||||| |||| 00| 0 eng d
082 _a857.9 JY-13 v.4 c.3*
100 _a金庸
245 _a笑傲江湖. 四
_c
250 _a初版
260 _a
_b明河出版社
_c1981
300 _b
490 _a武侠小说
650 _a
942 _cBK
_o857.9 JY-13 v.4 c.3*
999 _c22044
_d22034